France-Bangladesh Joint Venture Excavations at Mahasthangarh : (Record no. 9804)
[ view plain ]
| 000 -LEADER | |
|---|---|
| fixed length control field | 01607cam a2200373 a 4500 |
| 001 - CONTROL NUMBER | |
| JCCL Control Number | 9804 |
| 003 - CONTROL NUMBER IDENTIFIER | |
| JCCL marc code | BD-JhCC |
| 005 - DATE AND TIME OF LATEST TRANSACTION | |
| control field | 20180401105542.0 |
| 008 - FIXED-LENGTH DATA ELEMENTS--GENERAL INFORMATION | |
| fixed length control field | 020124s2001 bg ab b f000 0 eng |
| 020 ## - INTERNATIONAL STANDARD BOOK NUMBER | |
| International Standard Book Number | 9843113136 |
| 035 ## - SYSTEM CONTROL NUMBER | |
| system control number | (DLC) 2002285290 |
| -- | (BD-JhCC)9804 |
| 040 ## - CATALOGING SOURCE | |
| Original cataloging agency | DLC |
| Transcribing agency | DLC |
| Modifying agency | DLC |
| -- | BD-JhCC |
| 041 ## - LANGUAGE CODE | |
| Language code of Book | eng |
| 050 00 - LIBRARY OF CONGRESS CALL NUMBER | |
| Classification number | DS393.6 |
| Item number | .F73 2001 |
| 082 ## - DEWEY DECIMAL CLASSIFICATION NUMBER | |
| Author mark and Year | FRA 2001 |
| Classification number | 954.92 |
| 245 00 - TITLE STATEMENT | |
| Title | France-Bangladesh Joint Venture Excavations at Mahasthangarh : |
| Remainder of title | first interim report, 1993-1999 / |
| Statement of responsibility, etc | edited by Md. Shafiqul Alam, Jean-François Salles. |
| 246 30 - VARYING FORM OF TITLE | |
| Title proper/short title | First interim report, 1993-1999 |
| 260 ## - PUBLICATION, DISTRIBUTION, ETC. (IMPRINT) | |
| Place of publication, distribution, etc | Dhaka : |
| Name of publisher, distributor, etc | Dept. of Archaeology, Ministry of Cultural Affairs, Govt. of the People's Republic of Bangladesh, |
| Date of publication, distribution, etc | c2001. |
| 300 ## - PHYSICAL DESCRIPTION | |
| Pagination | vi, 495 p. : |
| Other physical details | ill., maps (some col.) ; |
| Dimensions | 28 cm. |
| 440 #0 - | |
| Title | B.A. series ; |
| Volume number/sequential designation | 23 |
| 500 ## - GENERAL NOTE | |
| General note | "Mission française de coopération archéologique au Bangladesh, Maison de l'Orient méditerranéen-Jean Pouilloux, Lyon, Ministry of Foreign Affairs, France." |
| 504 ## - BIBLIOGRAPHY, ETC. NOTE | |
| Bibliography, etc | Includes bibliographical references. |
| 520 ## - SUMMARY, ETC. | |
| Summary, etc | Contributed articles. |
| 650 #0 - SUBJECT ADDED ENTRY--TOPICAL TERM | |
| Topical term or geographic name as entry element | Excavations (Archaeology) |
| Geographic subdivision | Bangladesh. |
| 651 #0 - SUBJECT ADDED ENTRY--GEOGRAPHIC NAME | |
| Geographic name | Bangladesh |
| General subdivision | Antiquities. |
| 700 1# - ADDED ENTRY--PERSONAL NAME | |
| Personal name | Alam, Md. Shafiqul. |
| 700 1# - ADDED ENTRY--PERSONAL NAME | |
| Personal name | Salles, Jean-François, |
| Dates associated with a name | 1944- |
| 710 2# - ADDED ENTRY--CORPORATE NAME | |
| Corporate name or jurisdiction name as entry element | France-Bangladesh Joint Venture Excavations at Mahasthangarh. |
| 710 2# - ADDED ENTRY--CORPORATE NAME | |
| Corporate name or jurisdiction name as entry element | Mission française de coopération archéologique au Bangladesh. |
| 710 2# - ADDED ENTRY--CORPORATE NAME | |
| Corporate name or jurisdiction name as entry element | Maison de l'Orient méditerranéen-Jean Pouilloux (Lyon, France) |
| 710 1# - ADDED ENTRY--CORPORATE NAME | |
| Corporate name or jurisdiction name as entry element | Bangladesh. |
| Subordinate unit | Department of Archaeology. |
| 942 ## - ADDED ENTRY ELEMENTS (KOHA) | |
| Source of classification or shelving scheme | Dewey Decimal Classification |
| Koha item type | Books |
| Source of classification or shelving scheme | Damaged status | Not for loan | Home library | Current library | Shelving location | Date of accession | Total Checkouts | Full call number | Barcode | Date last seen | Copy number | Koha item type |
|---|---|---|---|---|---|---|---|---|---|---|---|---|
| Dewey Decimal Classification | JCC Rouf Library | JCC Rouf Library | General Stacks | 04/01/2018 | 954.92 FRA 2001 | 13303 | 04/01/2018 | C-1 | Books |